000 00451nam a22001457a 4500
008 151027b xxu||||| |||| 00| 0 eng d
020 _a97899966258717
050 _aAFR PR 9348 .T54 2014
100 _aNdegwa Kaburu
_d2014
245 _aTies that Bind & other Stories/
_cKabaru Ndegwa
260 _aNairobi,
_bE.A.E.P,
_c2014
300 _a234P.:
650 _aArican literature
942 _2lcc
_cSH_L_BOOKS
_hAFR PR 9348 .T54 2014
_02
999 _c9474
_d9474